| 000 | 00527nam a2200157Ia 4500 | ||
|---|---|---|---|
| 008 | 170221s9999 xx 000 0 und d | ||
| 100 | _aKathleen Czech | ||
| 245 | _aCommunication, Leadership, and Job Satisfaction: Perspectives on Supervisor-Subordinate Relationships | ||
| 245 | _cKathleen Czech, G. L. Forward | ||
| 260 | _bStudies in Media and Communication | ||
| 260 | _c2016 | ||
| 300 | _a5 : 2 | ||
| 650 | _xCommunication | ||
| 650 | _xMedia Arts | ||
| 856 | _uhttp://redfame.com/journal/index.php/smc/issue/view/9 | ||
| 999 |
_c312932 _d312932 |
||